[Event "Reunion op 12th"]
[Site "St Denis"]
[Date "2010.10.15"]
[Round "8"]
[White "Cazal, Julian"]
[Black "Semanele, Donald"]
[Result "0-1"]
[WhiteElo "1150"]
[BlackElo "1280"]
[PlyCount "48"]
[EventDate "2010.10.09"]
[EventType "swiss"]
[EventRounds "9"]
[EventCountry "RUF"]
[SourceTitle "CBM 138 Extra"]
[Source "ChessBase"]
[SourceDate "2010.10.29"]
[SourceVersion "1"]
[SourceVersionDate "2010.10.29"]
[SourceQuality "1"]

1. e4 e5 2. Bc4 Nf6 3. Nf3 d6 4. Ng5 Qe7 5. Bxf7+ Kd8 6. 0-0 h6 7. d3 hxg5 8. Bc4 c6 9. Qd2 d5 10. Qa5+ b6 11. Qa4 dxc4 12. Be3 Nbd7 13. Qxc6 Rb8 14. Nc3 Bb7 15. Qxc4 a6 16. Qb3 Ng4 17. Bxb6+ Nxb6 18. Qxb6+ Ke8 19. Qg6+ Kd7 20. d4 Qf6 21. Qf5+ Qxf5 22. exf5 Rxh2 23. dxe5 Rxg2+ 24. Kh1 Rg3+ 0-1

[Event "Reunion op 09th"]
[Site "Reunion"]
[Date "2007.10.18"]
[Round "5"]
[White "Semanele, Donald"]
[Black "Rivolo, Jean Guillaume"]
[Result "0-1"]
[WhiteElo "1499"]
[BlackElo "1270"]
[PlyCount "54"]
[EventDate "2007.10.14"]
[EventType "swiss"]
[EventRounds "9"]
[EventCountry "RUF"]
[SourceTitle "EXT 2012"]
[Source "ChessBase"]
[SourceDate "2011.11.24"]
[SourceVersion "1"]
[SourceVersionDate "2011.11.24"]
[SourceQuality "1"]

1. e4 e6 2. d4 d5 3. e5 b6 4. Nc3 c5 5. Be3 cxd4 6. Bxd4 Bc5 7. Bb5+ Bd7 8. Nf3 a6 9. Ba4 Ne7 10. Qd2 Nbc6 11. Qf4 0-0 12. Ne2 Nb4 13. c3 Nd3+ 14. Kf1 Nxf4 15. Nxf4 Bxa4 16. h4 Nf5 17. h5 Bxd4 18. cxd4 Rc8 19. g4 Ne7 20. h6 g6 21. Nh4 Bb5+ 22. Kg2 Rc4 23. Rad1 g5 24. b3 Rc2 25. Nh5 gxh4 26. g5 Be2 27. Rde1 Bxh5 0-1